Bilecik Bilecik Bilecik Bilecik Bilecik

Türkiye ve radikal demokrasi: modern zamanlarda siyaset ve demokratik yönetim/ (Record no. 65710)

MARC details
000 -BAŞLIK
Sabit Uzunluktaki Kontrol Alanı 01042nam a22003377a 4500
001 - KONTROL NUMARASI
Control Dosyası 0065376
003 - KONTROL NUMARASI KİMLİĞİ
Kontrol Alanı KOHA_MİRAKIL
005 - EN SON İŞLEM TARİHİ ve ZAMANI
Kontrol Alanı 20260207004559.0
007 - FİZİKSEL TANIM SABİT ALAN - GENEL BİLGİ
Sabit uzunluklu kontrol alanı ta
008 - SABİT UZUNLUKTAKİ VERİ ÖGELERİ - GENEL BİLGİ
Sabit Alan 200224b1999 tu |||gr||||#||||0|tur |
020 ## - ISBN - ULUSLARARASI STANDART KİTAP NUMARASI
Isbn 9756947195
040 ## - KATALOGLAMA KAYNAĞI
Özgün Kataloglama Kurumu TR-BiSEU
Kataloglama Dili tur
Çeviri Kurumu TR-BiSEU
Açıklama Kuralları rda
041 0# - DİL KODU
Metin ya da ses kaydının dil kodu tur
044 ## - YAYINLAYAN/ÜRETEN KURULUŞUN ÜLKE KODU
ISO country code tu
050 ## - SINIFLAMA ve YER NUMARASI
Sınıflama Numarası JC423
Yer Numarası .K49 1999
100 1# - KİŞİ ADI
Yazar Adı (Kişi adı) Keyman, E. Fuat.
245 1# - ESER ADI BİLDİRİMİ
Başlık Türkiye ve radikal demokrasi: modern zamanlarda siyaset ve demokratik yönetim/
Sorumluluk Bildirimi E. Fuat Keyman ; E. Fuat Keyman.
264 #1 - ÜRERİM, YAYIN, DAĞITIM ve TELİF BİLDİRİMİ
Yayın yeri İstanbul :
Yayınlayan Bağlam Yayıncılık
Yayın tarihi 1999
300 ## - FİZİKSEL TANIMLAMA
Sayfa, Cilt vb. 211 sayfa; 20 cm
336 ## - İÇERİK TÜRÜ
Content type term metin
Content type code txt
Source rdacontent
337 ## - MEDYA TÜRÜ
Media type term aracısız
Media type code n
Source rdamedia
338 ## - TAŞIYICI TÜRÜ
Carrier type term cilt
Carrier type code nc
Source rdacarrier
490 1# - DİZİ BİLDİRİMİ
Dizi Bildirimi Bağlam yayınları ;
Cilt Numarası 132.
490 1# - DİZİ BİLDİRİMİ
Dizi Bildirimi İnceleme/Araştırma ;
Cilt Numarası 79.
500 ## - GENEL NOT
Genel Not Kaynakça var.
650 #0 - KONU BAŞLIĞI EK GİRİŞ - KONU TERİMİ
Konusal terim veya coğrafi ad Demokrasi.
9 (RLIN) 2890
650 #0 - KONU BAŞLIĞI EK GİRİŞ - KONU TERİMİ
Konusal terim veya coğrafi ad Demokrasi--Türkiye.
9 (RLIN) 6919
830 1# - SERİ EK GİRİŞİ - TEKBİÇİM ESER ADI
Tekbiçim Başlık Bağlam yayınları ;
Volume number/sequential designation 132.
9 (RLIN) 8879
830 1# - SERİ EK GİRİŞİ - TEKBİÇİM ESER ADI
Tekbiçim Başlık İnceleme/Araştırma ;
Volume number/sequential designation 79.
9 (RLIN) 107472
942 ## - EK GİRİŞ ÖGELERİ (KOHA)
Source of classification or shelving scheme Library of Congress Classification
Koha item type Book
Holdings
Materyal Türü Kalıcı Konum Mevcut Konum Sınıflandırma Kaynağı Edinim Bilgisi Ana Konular Alt Konular Yer Numarası Demirbaş Numarası Fatura Tarihi Geri Çekilme Durumu Kayıp Durumu Hasarlı Durumu Kredi için değil Kayıt Tarih Toplam Ödünçverme Son Görülme Tarihi Son Kontrol Tarihi Genel / Bağış Notu
Book BŞEÜ Bozüyük MYO Kütüphanesi BŞEÜ Bozüyük MYO Kütüphanesi Library of Congress Classification Bağış SİYASET BİLİMİ Siyaset Teorisi JC423 .K49 1999 0065376 02/02/2026         24/02/2020   05/03/2025 05/03/2025 Genel Bağış